000
00335pab a2200145 454500
008
180718b1998 xxu||||| |||| 00| 0 eng d
100
_a
Lynch, Michael W.
245
_a
Enforcing "statutory rape"?
260
_c
1998
300
_a
p.3-16
362
_a
Summer
650
_a
Sexual abuse
773
_a
Public Interest
909
_a
37946
999
_c
37946
_d
37946